mysqli: Table './ulib62015/stat_globaluid' is marked as crashed and should be repaired
select id from stat_globaluid where statuid='20260517224006_676'
mysqli: Table './ulib62015/stat_globaluid' is marked as crashed and should be repaired
DELETE FROM stat_globaluid
WHERE id NOT IN (
SELECT id
FROM (
SELECT id
FROM stat_globaluid
ORDER BY id DESC
LIMIT 100
) foo
);
mysqli: Table './ulib62015/stat_globaluid' is marked as crashed and should be repaired
insert into stat_globaluid set
statuid='20260517224006_676',
dt='1779032406',
phpself='/ULIB62015/dublinfull.php',
agent='Mozilla/5.0 AppleWebKit/537.36 (KHTML, like Gecko; compatible; ClaudeBot/1.0; +claudebot@anthropic.com)',
yea='2026',
mon='5',
dat='17',
ip='216.73.216.45'
mysqli: Table './ulib62015/stathist_viewbib_bib_type' is marked as crashed and should be repaired
insert into stathist_viewbib_bib_type set
dat='17' ,
mon='05' ,
yea='2026' ,
statuid='20260517224006_676' ,
head='27080' ,
foot='marc' ,
dt='1779032406'
| LEADER : 01174nam 2200277 a 4500 |
| 001 27080 |
| 003 ULIB |
| 008 030417s2004 caua sb 001 0 eng |
| 020 ^a9789744468390
|
| 099 ุ^aนว^bท121จ 2548
|
| 100 ^aทมยันตี,^c2548
|
| 245 ^aจิตตเทวะ / ทมยันตี
|
| 260 ^aณ บ้านวรรณากรรม
|
| 300 ^a408 หน้า ;^c 18 ซม.
|
| 490 0 ^aนวนิยาย^vลำดับที่-
|
| 650 0 ^aนวนิยายไทย
|
| 945 ^p0^l0^i006656 |
| 999 ^a57097
|
| คุณยังไม่ได้ล็อกอิน คุณสามารถมีกิจกรรมร่วมกับเว็บไซต์ได้ แต่ต้องล็อกอินก่อน :: |
|
|
|
| ลำดับที่ |
ประเภท |
เลขเรียก/บาร์โค้ด |
สถานที่ |
สถานะ |
| 1. |
 นวนิยาย | นว ท121จ 2004 Barcode: 006656 | นวนิยาย | บนชั้น ขอยืม |
รายการใกล้เคียง
หัวเรื่อง [นวนิยายไทย]
|
|
ยังไม่เคยถูกคอมเมนท์
|
| คอมเมนท์ทรัพยากรรายการนี้ |
|